01224nam a2200253Ia 4500952010000000952010000100999001700200008004100217020001800258050002000276100002800296240006600324245012200390260005400512300001800566490003100584500007400615500009200689505005600781519004200837650003900879650004000918942001200958 00102lcc4070a01b01d2022-10-01l0oE99.Y32 C368p16 002211r2023-07-12t1w2022-10-01yLB 00102lcc4070a01b01d2022-10-01l0oE99.Y32 C368p16 002212r2023-07-12t2w2022-10-01yLB c72759d72759120626s1974 mx 000 0 spa d a9789681662356 aE99.Y32b C368  aCastneda, Carloseautor aThe teachings of Don Juan. A Yaqui way ofknowledgelespañol aLas enseñanzas de Don Juan b: Una forma Yaqui de conocimiento c/ Carlos, Castaneda; traducción de Juan, Tovar  aMéxico b: Fondo de Cultura Económicac, 1974 a362 páginas aColección Popularv: 126 aTítulo original: The teachings of Don Juan. A Yaqui way ofknowledge aIncluye: Indice, Prólogo, Reconocimientos, Introducción, Apéndice A, Apéndice B aI. Las enseñanzas II. Un análisis estructural  aMaterial Complementario/ d16 002211 0aYAQUIS xRELIGIÓN Y MITOLOGÍA  0a DROGAS, ALUCINOGENOS Y EXPERIENCIA cLB2lcc